Fundamentals of semiconductor devices / (Record no. 81491)

MARC details
000 -LEADER
fixed length control field 00791nam a22002417a 4500
005 - DATE AND TIME OF LATEST TRANSACTION
control field 20140101161153.0
010 ## - LCCN (DPL NO)
LC control number ENG-108945
020 ## - INTERNATIONAL STANDARD BOOK NUMBER
International Standard Book Number 9781259098611
Terms of availability 650.00
020 ## - INTERNATIONAL STANDARD BOOK NUMBER
International Standard Book Number 1259098613
Terms of availability 650.00
035 ## - SYSTEM CONTROL NUMBER
System control number EN-92478
037 ## - SOURCE OF ACQUISITION
Source of stock number/acquisition DBAD/PUB
082 ## - DEWEY DECIMAL CLASSIFICATION NUMBER
Edition number 22
Classification number 621.38152
100 ## - MAIN ENTRY--PERSONAL NAME
Personal name Anderson, Betty Lise
245 ## - TITLE STATEMENT
Title Fundamentals of semiconductor devices /
Statement of responsibility, etc by Betty Lise Anderson [and] Richard L. Anderson
260 ## - PUBLICATION, DISTRIBUTION, ETC. (IMPRINT)
Place of publication, distribution, etc New Delhi
Name of publisher, distributor, etc McGraw Hill Education
Date of publication, distribution, etc 2013
270 ## - ADDRESS
Address P-24,Green Park Extension
City New Delhi
Postal code 110016
300 ## - PHYSICAL DESCRIPTION
Extent xv, 800p. :
Dimensions 24cm(pbk)
Other physical details ill.
500 ## - GENERAL NOTE
General note Includes bibliographical references and index
650 ## - SUBJECT ADDED ENTRY--TOPICAL TERM
Topical term or geographic name as entry element Semiconductors
650 ## - SUBJECT ADDED ENTRY--TOPICAL TERM
Topical term or geographic name as entry element Transistors
700 ## - ADDED ENTRY--PERSONAL NAME
Personal name Anderson, Richard L.
942 ## - ADDED ENTRY ELEMENTS (KOHA)
Source of classification or shelving scheme Dewey Decimal Classification
Item type English Books
Call number suffix AND
Classification part 621.38152
Holdings
Withdrawn status Lost status Not for loan Collection code Home library Current library Date acquired Source of acquisition Cost, normal purchase price Full call number Barcode Copy number Cost, replacement price Koha item type
    Not For Loan Non-fiction D.B.Act.Division D.B.Act.Division 24/12/2013 DBAD/PUB 650.00 621.38152 AND EN-92478 1 650.00 English Books

© Delhi Public Library
Hit Counter
free hit counter